000 00277nam a22001217a 4500
008 181220b xxu||||| |||| 00| 0 eng d
041 _aeng
080 _a540
100 _a12
101 _aKIM
245 _aExperiments in Physical Chemistry
_cSteinbach,O.F
942 _2udc
_cBK
999 _c53549
_d53549